| 000 | 00000nas 2200000za 4500 |
| 001 | 9.502502 |
| 003 | CaOODSP |
| 005 | 20230830110753 |
| 007 | cr ||||||||||| |
| 008 | 150406d19972003xxc|| p o||||f| |0fre|d |
| 022 | |a1486-9748 |
| 040 | |aCaOODSP|bfre |
| 043 | |an-cn--- |
| 086 | 1 |aBT1-9F-PDF |
| 110 | 1 |aCanada. |bConseil du trésor, |eauteur, |eorganisme de publication. |
| 245 | 12|aL'équité en emploi dans la fonction publique fédérale, rapport annuel au Parlement / |cPrésident du Conseil du Trésor. |
| 264 | 1|aOttawa, Ontario : |bSecrétariat du Conseil du Trésor du Canada |
| 310 | |aAnnuel |
| 362 | 1 |aParaît depuis 1996/1997; ne paraît plus après 2002/2003. |
| 691 | 07|aÉquité en matière d'emploi|2gcpds |
| 691 | 07|aFonction publique|2gcpds |
| 775 | 08|tEmployment equity in the federal public service - annual report to Parliament / |w(CaOODSP)9.506099 |